El Santuario de Nuestra Señora del Carmen Extramuros (Record no. 138889)

MARC details
000 -LEADER
campo de control de longitud fija 00740nam a2200157 i 4500
001 - NÚMERO DE CONTROL
campo de control 138889
003 - IDENTIFICADOR DE NÚMERO DE CONTROL
campo de control ES-MaACL
005 - FECHA Y HORA DE LA ÚLTIMA TRANSACCIÓN
campo de control 20230906195647.0
007 - CAMPO FIJO DE DESCRIPCIÓN FÍSICA--INFORMACIÓN GENERAL
campo de control de longitud fija t|
008 - DATOS DE LONGITUD FIJA--INFORMACIÓN GENERAL
campo de control de longitud fija 070214s1972 sp f |||| | spa d
245 03 - MENCIÓN DEL TÍTULO
Título El Santuario de Nuestra Señora del Carmen Extramuros
Resto del título : antiguo Monasterio de Ntra. Sra. del Consuelo, de Carmelitas Descalzos, extramuros de la ciudad de Valladolid : su vida y su historia /
Mención de responsabilidad, etc. autor y editor, rector del Santuario de Nuestra Señora del Carmen de Extramuros, Valladolid.
260 ## - PUBLICACIÓN, DISTRIBUCIÓN, ETC.
Lugar de publicación, distribución, etc. Valladolid :
Nombre del editor, distribuidor, etc. [s. n.],
Fecha de publicación, distribución, etc. 1972 (
Fabricante Tall. Sever Cuesta)
300 ## - DESCRIPCIÓN FÍSICA
Extensión 87 p., 4 lám. col. ;
Dimensiones 20 cm.
710 2# - ENTRADA AGREGADA--NOMBRE DE ENTIDAD CORPORATIVA
Nombre de entidad corporativa o nombre de jurisdicción como elemento de entrada Santuario de Nuestra Señora del Carmen de Extramuros (Valladolid)
9 (RLIN) 6508
852 ## - LOCALIZACIÓN
Ubicación ES-MaACL
Número de control de estantería C-49591
Holdings
Estatus retirado Estado de pérdida Estado de daño No para préstamo Biblioteca de origen Biblioteca actual Ubicación en estantería Fecha de adquisición Fuente de adquisición Total de préstamos Signatura topográfica completa Código de barras Visto por última vez Precio de reemplazo Tipo de ítem Koha
        Biblioteca del Ateneo de Madrid Biblioteca del Ateneo de Madrid Depósito 2 17/01/2008     C-49591 1144531 23/02/2023 23/02/2023 Libro impreso